|
|
|
|
| LEADER |
00000nam0a2200000 4500 |
| 001 |
55330 |
| 005 |
20231101211535.0 |
| 035 |
|
|
|a (RuTPU)RU\TPU\book\58075
|
| 090 |
|
|
|a 55330
|
| 100 |
|
|
|a 20030912d1959 k y0rusy50 ca
|
| 101 |
1 |
|
|a rus
|c eng
|
| 102 |
|
|
|a RU
|
| 105 |
|
|
|a a z 001zy
|
| 200 |
1 |
|
|a Термодинамика сплавов
|e пер. с англ.
|f Дж. Ламсден
|
| 210 |
|
|
|a Москва
|c Металлургиздат
|d 1959
|
| 215 |
|
|
|a 440 с.
|c ил.
|
| 320 |
|
|
|a Библиогр.: с. 432-440.
|
| 606 |
1 |
|
|a Сплавы
|x Термодинамика
|2 stltpush
|3 (RuTPU)RU\TPU\subj\55920
|9 73873
|
| 610 |
1 |
|
|a термодинамика
|
| 610 |
1 |
|
|a металлические системы
|
| 610 |
1 |
|
|a металловедение
|
| 610 |
1 |
|
|a металлургия
|
| 610 |
1 |
|
|a физическая химия
|
| 610 |
1 |
|
|a библиотека А. Г. Стромберга
|
| 675 |
|
|
|a 669.018:53
|v 3
|
| 700 |
|
1 |
|a Ламсден
|b Дж.
|g Джон
|
| 801 |
|
1 |
|a RU
|b 63413507
|c 20030912
|g PSBO
|
| 801 |
|
2 |
|a RU
|b 63413507
|c 20171011
|g PSBO
|
| 942 |
|
|
|c BK
|